Alexander der Große - multiple choice - Statistiken

Allgemein
  • Dieses Quiz wurde 26 mal gespielt
  • Das Durchschnittsergebnis liegt bei 9 aus 16
Antwortstatistiken
Frage Antwort % Korrekt
Alexander der Große war König von... Makedonien
92%
Wer war sein Vater? Philip II
83%
Was machte Alexander der Große in Ägypten Er ließ sich zum Pharao krönen
71%
Wie löste Alexander der Große den gordischen Knoten? Er zerschlug ihn mit seinem Schwert
67%
Alexander baute eine Brücke, um welche Inselstadt zu erobern? Tyros
67%
Wer war König von Persien im Krieg gegen Alexander? Dareios III
63%
Was warf Alexander in seinem ersten Feldzug symbolisch auf asiatisches Festland? Einen Speer
58%
Welche Bergkette überquerte er dafür? Den Hindukusch
54%
In welcher Schlacht besiegt Alexander den persischen König endgültig? Gaugamela
54%
Welcher Fluss bildete teilweise die Ostgrenze seines Reiches? Der Indus
50%
Wer unterrichtete Alexander den Großen? Aristoteles
46%
Als was bezeichnete Alexander sich selbst? Als Sohn des Zeus
42%
An welchem Fluss kam es zur ersten großen Schlacht Alexanders? Granikos
38%
Wo starb Alexander der Große? In Babylon
38%
Was macht Alexander, als er erfährt, dass der persische König ermordet wurde? Er ließ die Mörder und ihre Familien hinrichten
33%
Wie viele Städte benannte Alexander der Große nach sich selbst? 28
17%
Keine übereinstimmenden Quizze gefunden
Verteilung der Resultate
Anzahl Personen mit jedem Resultat
Perzentil nach korrekt beantworteten Fragen
Ihre Resultats-Entwicklung
Sie haben dieses Quiz noch nicht gespielt